| 000 | 00431cam a22001337a 4500 | ||
|---|---|---|---|
| 008 | 180718b1956 xxu||||| |||| 00| 0 eng d | ||
| 082 | _aI548x54 Sh86 | ||
| 100 | _aShridharani, Krishnalal | ||
| 245 |
_aThe journalist in India: a study of the press corps _cby Krishnalal Shridharani and Prakash C. Jain |
||
| 260 |
_aCalcutta _bPatrika Syndicate _c1956 |
||
| 300 | _a40p. | ||
| 650 | _aJournalists India | ||
| 700 | _aJain, Prakash C. | ||
| 999 |
_c440696 _d440696 |
||